000 00671nam a22002417a 4500
003 BPGM
005 20260624215336.0
008 260624b2007 mx ||||| |||| 001 0 spa d
020 _a978-968-9350-18-7
040 _aBPGM
_bspa
041 _aspa
_hspa
082 0 4 _aCQ/ 863M /
_bA6587/ L67 /
100 _aARAGON, JESUS
245 _aLORENZO BITACORA
300 _a113 paginas
_c16 cm x 10.9 cm
336 _2rdacontent
_atexto
_btxt
337 _2rdamedia
_asin mediación
_bn
338 _2rdacarrier
_avolumen
_bnc
650 _aLITERATURA Y RETÓRICA
650 _aLITERATURAS ESPAÑOLA Y PORTUGUESA
650 _aNOVELÍSTICA ESPAÑOLA
942 _2ddc
_cCOLQ
999 _c68667
_d68667